1287 1416 1305 1992 1216 1156 1701 1322 1298 1195 1492 1809 1286 1390 1981 1142 1352 1501 1928 1824 1832 1528 1588 1467 1447 1708 1954 1728 1758 1495 1977 1007 1196 1986 1001 1267 1789 1364 1645 1264 1493 1031 1489 1686 1877 1987 1819 1181 1502 1138 1977 1336 1200 1142 1532 1937 1378 1471 1726 1114 1338 1455 1094 1172 1805 1101 1717 1546 1138 1761 1095 1696 1665 1341 1324 1993 1557 1821 1084 1249 1304 1670 1788 1937 1905 1596 1395 1473 1459 1451 1270 1447 1892 1479 1261 1866 1077 1586 1751 BCNSPRNW ULIB Ver.6.0+V

เปลี่ยนเป็นภาษาไทย

Change to English
 แสดงรายละเอียดบรรณานุกรม
  กลับหน้าหลัก

Brief Record : Get Marc (ISO 2709) : E-mail record : QR code < ปิดหน้าต่าง
LEADER : 00000nam 2200000uu 4500
001    13399125920
003     ULIB
008    171024s2559||||th 000 0 tha d
020    ^a9786164070547
060 04 ^aWS100^bก383p
100 0  ^aกัญญา ศุภปีติพร
245 00 ^aPediatric Practice : Individualized Patient Care in 2016 /^cบรรณาธิการ, กัญญา ศุภปีติพร...[และคนอื่นๆ]
250    ^aพิมพ์ครั้งที่ 1
260    ^aกรุงเทพฯ :^bภาควิชากุมารเวชศาสตร์ คณะแพทยศาสตร์ จุฬาลงกรณ์มหาวิทยาลัย,^c2559
300    ^a349 หน้า :^bภาพประกอบ ;^c27 ซม.
650  7 ^aเด็ก ^xการดูแล
650  7 ^aกุมารเวชศาสตร์
650  7 ^aเด็ก ^xการวินิจฉัย
700 0  ^aวรนุช จงศรีสวัสดิ์,^eบรรณาธิการ
700 0  ^aอังคนีย์ ชะนะกุล,^eบรรณาธิการ
700 0  ^aสุชีรา ฉัตรเพริดพราย,^eบรรณาธิการ
700 0  ^aมณฑิดา วีรวิกรม,^eบรรณาธิการ
710 1  ^aจุฬาลงกรณ์มหาวิทยาลัย. คณะแพทยศาสตร์. ภาควิชากุมารเวชศาสตร์
945    ^p0^l0^i25659
945    ^p0^l0^i25660
945    ^p0^l0^i26163
945    ^p0^l0^i26164
945    ^p0^l0^i26165
945    ^p0^l0^i26166
945    ^p0^l0^i26167
999    ^aกัณชพร จุลอักษร
รายการนี้ยังไม่มีแท็ก
คุณยังไม่ได้ล็อกอิน คุณสามารถมีกิจกรรมร่วมกับเว็บไซต์ได้ แต่ต้องล็อกอินก่อน ::
  ล็อกอิน

รายการสื่อสารสนเทศ

ลำดับที่ ประเภท เลขเรียก/บาร์โค้ด สถานที่ สถานะ
1. หนังสือสำรอง
หนังสือสำรอง
WS100 ก383p ฉ.1 
  Barcode: 25659
ห้องสมุดวิทยาเขตนครสวรรค์
►หนังสือทั่วไป:l:General Books
บนชั้น
2. วิทยาศาสตร์การแพทย์ และสุขภาพ
วิทยาศาสตร์การแพทย์ และสุขภาพ
WS100 ก383p ฉ.2 
  Barcode: 25660
ห้องสมุดวิทยาเขตนครสวรรค์
►หนังสือทั่วไป:l:General Books
บนชั้น
3. วิทยาศาสตร์การแพทย์ และสุขภาพ
วิทยาศาสตร์การแพทย์ และสุขภาพ
WS100 ก383p ฉ.3 
  Barcode: 26163
ห้องสมุดวิทยาเขตนครสวรรค์
►หนังสือทั่วไป:l:General Books
บนชั้น
4. วิทยาศาสตร์การแพทย์ และสุขภาพ
วิทยาศาสตร์การแพทย์ และสุขภาพ
WS100 ก383p ฉ.4 
  Barcode: 26164
ห้องสมุดวิทยาเขตนครสวรรค์
►หนังสือทั่วไป:l:General Books
บนชั้น
5. วิทยาศาสตร์การแพทย์ และสุขภาพ
วิทยาศาสตร์การแพทย์ และสุขภาพ
WS100 ก383p ฉ.5 
  Barcode: 26165
ห้องสมุดวิทยาเขตนครสวรรค์
►หนังสือทั่วไป:l:General Books
บนชั้น
6. วิทยาศาสตร์การแพทย์ และสุขภาพ
วิทยาศาสตร์การแพทย์ และสุขภาพ
WS100 ก383p ฉ.6 
  Barcode: 26166
ห้องสมุดวิทยาเขตนครสวรรค์
►หนังสือทั่วไป:l:General Books
บนชั้น
7. วิทยาศาสตร์การแพทย์ และสุขภาพ
วิทยาศาสตร์การแพทย์ และสุขภาพ
WS100 ก383p ฉ.7 
  Barcode: 26167
ห้องสมุดวิทยาเขตนครสวรรค์
►หนังสือทั่วไป:l:General Books
บนชั้น

รายการใกล้เคียง
    ผู้แต่ง [กัญญา ศุภปีติพร]

    หัวเรื่อง [กุมารเวชศาสตร์]

BibComment


ยังไม่เคยถูกคอมเมนท์

คอมเมนท์ทรัพยากรรายการนี้
  คอมเมนท์: Pediatric Practi..


 Copyright 2026. Bcnsprnw @Library